| 000 | 00384 a2200169 4500 | ||
|---|---|---|---|
| 001 | 50399 | ||
| 020 | _a8528104567 | ||
| 040 | _cAnchieta - Bela Vista | ||
| 100 | _aGreverand, Garard | ||
| 240 | 1 | 0 |
_aDo que é que você gosta? _lpor |
| 245 | 1 | 0 | _aDo que é que você gosta? |
| 300 | _a48 | ||
| 362 | 0 | _a2001 | |
| 440 | 1 | _aSalamandra | |
| 650 | 4 | _aLiteratura juvenil | |
| 942 | _cBK | ||
| 999 |
_c50399 _d50399 |
||